Top 22 Best Runningbacks - Statistics

General Stats
  • This quiz has been taken 46 times
  • The average score is 13 of 22
Answer Stats
Team Rank Answer % Correct
Lions 3 Barry Sanders
98%
Browns 1 Jim Brown
98%
Cowboys 4 Emmitt Smith
95%
Chargers 5 Ladanian Tomlinson
93%
Bears 2 Walter Payton
93%
Vikings 15 Adrian Peterson
84%
Rams 6 Eric Dickerson
79%
Rams 8 Marshall Faulk
72%
Broncos 20 Terrell Davis
67%
Bills 16 O.J. Simpson
65%
Oilers 9 Earl Campbell
58%
Raiders 13 Bo Jackson
56%
Steelers 18 Franco Harris
56%
Raiders 12 Marcus Allen
56%
Bears 7 Gale Sayers
53%
Cowboys 11 Tony Dorsett
53%
Redskins 22 John Riggins
47%
Jets 14 Curtis Martin
40%
Packers 19 Jim Taylor
23%
Eagles 17 Steve Van Buren
14%
Giants 10 Jim Thorpe
5%
Redskins 21 Cliff Battles
2%
No matching quizzes found
Score Distribution
Percent of People with Each Score
Percentile by Number Answered
Your Score History
You have not taken this quiz